000 00312nam a2200133Ia 4500
008 150301s2015 xx 000 0 und d
082 _a615.1
_bP12A
100 _aAGARWAL, GAUNER
245 _aPHARMACEUTICAL TECHNOLOGY -||
260 _bCBS- DELHI
300 _a305
650 _aPAHRMACETICS
942 _2ddc
_cBK
999 _c7090
_d7090